Kıvır kıvır makarnalar : (Record no. 23476)

MARC details
000 -BAŞLIK
Sabit Uzunluktaki Kontrol Alanı 00654nam a22002057a 4500
003 - KONTROL NUMARASI KİMLİĞİ
Kontrol Alanı koha_MIRAKIL
005 - EN SON İŞLEM TARİHİ ve ZAMANI
Kontrol Alanı 20260415092706.0
008 - SABİT UZUNLUKTAKİ VERİ ÖGELERİ - GENEL BİLGİ
Sabit Alan 260415b tur||||| |||| 00| 0 tur d
020 ## - ISBN - ULUSLARARASI STANDART KİTAP NUMARASI
Isbn 9786052954645
040 ## - KATALOGLAMA KAYNAĞI
Özgün Kataloglama Kurumu TR-IsEVY
Kataloglama Dili tur
Çeviri Kurumu TR-IsEVY
041 ## - DİL KODU
Metin ya da ses kaydının dil kodu tur
082 ## - DEWEY ONU SINIFLAMA SİSTEMİ
Sınıflama Numarası FIC McC/K
100 1# - KİŞİ ADI
Yazar Adı (Kişi adı) McCombie, Karen
245 #0 - ESER ADI BİLDİRİMİ
Başlık Kıvır kıvır makarnalar :
Alt Eseradı vb. Sen, ben ve şey /
Sorumluluk Bildirimi Karen McCombie ; resimleyen Alex T. Smith.
260 ## - YAYIN, DAĞITIM, VB.
Yayın Yeri İstanbul :
Yayınevi Türkiye İş Bankası Kültür Yayınları,
Yayın Tarihi 2018.
300 ## - FİZİKSEL TANIMLAMA
Sayfa, Cilt vb. 131 s. :
Diğer fiziki detaylar resimli ;
Boyutları 19 cm.
650 ## - KONU BAŞLIĞI EK GİRİŞ - KONU TERİMİ
Konusal terim veya coğrafi ad Çocuk Edebiyatı.
Alt başlık biçimi Çocuk Romanları.
700 1# - EK GİRİŞ - KİŞİ ADI
Yazar Adı (Kişi adı) Smith, Alex T.
942 ## - EK GİRİŞ ÖGELERİ (KOHA)
Source of classification or shelving scheme Dewey Decimal Classification
Koha item type Kitap
Holdings
Kayıp Durumu Sınıflandırma Kaynağı Hasarlı Durumu Koleksiyon Kodu Kalıcı Konum Mevcut Konum Kayıt Tarih Edinim Kaynağı Toplam Ödünçverme Yer Numarası Demirbaş Numarası Son Görülme Tarihi Fatura Tarihi Materyal Türü Kopya Bilgisi
  Dewey Decimal Classification   İlkokul İLKOKUL KÜTÜPHANESİ İLKOKUL KÜTÜPHANESİ 15/04/2026 Bağış   FIC McC/K 25086 15/04/2026 15/04/2026 Kitap  
  Dewey Decimal Classification   İlkokul İLKOKUL KÜTÜPHANESİ İLKOKUL KÜTÜPHANESİ 15/04/2026 Bağış   FIC McC/K 25087 15/04/2026 15/04/2026 Kitap k.2